000 00768pam a2200229 a 4500
001 4889642
005 20180309080114.0
008 931026s1994 njua b 001 0 eng
010 _a 93038962
020 _a0805814841 (c : acidfree paper)
040 _aDLC
_cDLC
_dDLC
041 _aeng
080 _a305.231 STE
082 0 0 _a305.231 STE
_220
100 1 _a50
101 _aSOC
245 1 0 _aChildren at home and in day care /
_cK. Alison Clarke-Stewart, Christian P. Gruber, Linda May Fitzgerald.
504 _aIncludes bibliographical references (p. 256-270) and indexes.
906 _a7
_bcbc
_corignew
_d1
_eocip
_f19
_gy-gencatlg
942 _2ddc
_cBK
999 _c44607
_d44607